[Event "Open Sanudo"]
[Site "Venezia ITA"]
[Date "2000.02.26"]
[Round "1"]
[White "Ballarin, Gabriele"]
[Black "Trangoni, Bruno"]
[Result "1-0"]
[WhiteElo "1618"]
[BlackElo "1698"]
[PlyCount "105"]
[EventDate "2000.02.26"]

1. e4 e5 2. Bc4 Nf6 3. d3 Nc6 4. Nf3 Be7 5. Nc3 d6 6. O-O Bg4 7. Nd5 Nd4 8.
Nxf6+ Bxf6 9. c3 Nxf3+ 10. gxf3 Bh3 11. Re1 Bg5 12. f4 Bxf4 13. Bxf4 exf4 14.
Qh5 Qd7 15. Bxf7+ Qxf7 16. Qxh3 f3 17. e5 Qg6+ 18. Qg3 O-O-O 19. Qxg6 hxg6 20.
e6 Rde8 21. Re3 Rh3 22. Rae1 g5 23. d4 g4 24. Re4 Rh4 25. Rf4 Kd8 26. Rf7 Reh8
27. Rd7+ Kc8 28. Rxg7 Rxh2 29. Rg8+ Rxg8 30. Kxh2 Kd8 31. Kg3 d5 32. e7+ Ke8
33. b3 c6 34. c4 dxc4 35. bxc4 Rg7 36. Re4 Rxe7 37. Rxe7+ Kxe7 38. Kxg4 b5 39.
cxb5 cxb5 40. Kxf3 b4 41. Ke3 Kd6 42. f4 a5 43. Kd3 Kd5 44. f5 a4 45. f6 Ke6
46. Kc4 b3 47. axb3 axb3 48. Kxb3 Kxf6 49. Kc4 Ke7 50. Kc5 Ke6 51. Kc6 Ke7 52.
d5 Ke8 53. Kc7 1-0

[Event "Open Sanudo"]
[Site "Venezia ITA"]
[Date "2000.02.26"]
[Round "1"]
[White "Bozzao, Francesco"]
[Black "Castellano, Alfonso"]
[Result "1-0"]
[WhiteElo "1549"]
[BlackElo "1827"]
[PlyCount "68"]
[EventDate "2000.02.26"]

1. e4 c5 2. Nf3 d6 3. d4 cxd4 4. Nxd4 Nf6 5. Nc3 a6 6. Be2 e5 7. Nb3 Be7 8. O-O
Be6 9. Be3 Nbd7 10. Kh1 O-O 11. f4 exf4 12. Rxf4 Ne5 13. Nd4 Rc8 14. Nxe6 fxe6
15. Qe1 Ng6 16. Rf1 b5 17. Bd3 Ng4 18. Qe2 Nxe3 19. Qxe3 Bf6 20. Qh3 Qe8 21. e5
Bxe5 22. Rxf8+ Nxf8 23. Ne4 Qe7 24. c3 Ng6 25. Ng5 Qxg5 26. Qxe6+ Kf8 27. Rf1+
Bf6 28. Qxc8+ Kf7 29. Qd7+ Kg8 30. Qe6+ Kf8 31. Qxd6+ Kg8 32. Qe6+ Kf8 33. Qc8+
Kf7 34. Qxa6 Nh4 1-0

[Event "Open Sanudo"]
[Site "Venezia ITA"]
[Date "2000.02.26"]
[Round "1"]
[White "Cedriano, Filippo"]
[Black "Roberti, Ignazio"]
[Result "0-1"]
[WhiteElo "1564"]
[BlackElo "1646"]
[PlyCount "87"]
[EventDate "2000.02.26"]

1. d4 Nf6 2. Nf3 e6 3. e3 c5 4. c4 d5 5. cxd5 exd5 6. Nc3 Nc6 7. dxc5 Bxc5 8.
g3 d4 9. exd4 Nxd4 10. Bg2 O-O 11. Nxd4 Bxd4 12. O-O Bg4 13. Qa4 Qb6 14. Qb5
Qe6 15. Qxb7 Rab8 16. Qc6 Rfc8 17. Qxe6 Bxe6 18. Rd1 Bxc3 19. bxc3 Rxc3 20. Bb2
Rc2 21. Bxf6 gxf6 22. Be4 Rxa2 23. Rxa2 Bxa2 24. Rd6 Be6 25. Ra6 Rb4 26. f3 f5
27. Ba8 f4 28. g4 Rb1+ 29. Kf2 Rb2+ 30. Kg1 Ra2 31. Bb7 Rxa6 32. Bxa6 Kg7 33.
Kf2 Kf6 34. h4 h6 35. Ke2 Ke5 36. Kd3 Bd5 37. Ke2 Kd4 38. h5 f6 39. Bc8 a5 40.
Bd7 Kc3 41. Be8 Kb4 42. Bg6 a4 43. Be4 Bxe4 44. fxe4 0-1

[Event "Open Sanudo"]
[Site "Venezia ITA"]
[Date "2000.02.??"]
[Round "1"]
[White "Gonzales, Guillermo"]
[Black "Tomio, Dante"]
[Result "0-1"]
[WhiteElo "1512"]
[BlackElo "1665"]
[PlyCount "84"]
[EventDate "2000.02.26"]

1. e4 c5 2. Nc3 Nc6 3. g3 Nf6 4. Bg2 g6 5. d3 Bg7 6. f4 d6 7. Nf3 Qc7 8. Be3
O-O 9. O-O a6 10. h3 b5 11. e5 dxe5 12. Nxe5 Bb7 13. Qf3 Na5 14. Ne4 Nxe4 15.
dxe4 f5 16. Bd2 Bxe4 17. Qe2 Bxg2 18. Kxg2 Nc6 19. Bc3 Rad8 20. Rf3 Nd4 21.
Bxd4 Rxd4 22. Rd3 Rxd3 23. Nxd3 Qc6+ 24. Qf3 Qxf3+ 25. Kxf3 c4 26. Ne5 Bxe5 27.
fxe5 Rd8 28. a4 b4 29. Re1 Kf7 30. Re3 h6 31. b3 c3 32. g4 Rd2 33. gxf5 gxf5
34. Re2 Rxe2 35. Kxe2 Ke6 36. Kd3 Kxe5 37. Kc4 f4 38. Kxb4 Kd4 39. Ka5 f3 40.
Kxa6 f2 41. b4 f1=Q+ 42. b5 Kc5 0-1

[Event "Open Sanudo"]
[Site "Venezia ITA"]
[Date "2000.02.??"]
[Round "1"]
[White "Litrico, Paolo"]
[Black "Maggiorino, Francesco"]
[Result "1-0"]
[WhiteElo "1639"]
[BlackElo "1441"]
[PlyCount "95"]
[EventDate "2000.02.26"]

1. d4 Nf6 2. Bg5 Ne4 3. Bf4 g5 4. Bc1 e6 5. f3 Nd6 6. e4 Be7 7. b3 c5 8. Bb2
Rg8 9. Nc3 cxd4 10. Qxd4 Nc6 11. Qe3 Qa5 12. O-O-O Nb4 13. a3 Nc6 14. b4 Qc7
15. g4 b6 16. e5 Nb7 17. Nb5 Qb8 18. Nh3 a6 19. Nd4 Qxe5 20. Qxe5 Nxe5 21. Nxe6
dxe6 22. Bxe5 b5 23. Bd3 f6 24. Bc3 h6 25. Be4 e5 26. Nf2 Ra7 27. h4 Be6 28.
hxg5 hxg5 29. Rh7 Nd8 30. Rd6 Bf7 31. Rb6 Bc4 32. Rb8 Kd7 33. Bf5+ Be6 34.
Bxe6+ Kxe6 35. Rb6+ Kd7 36. Rxf6 Ke8 37. Rb6 Rf8 38. Bxe5 Rxf3 39. Nd3 Rf1+ 40.
Kb2 Rg1 41. Rb8 Rxg4 42. Rh8+ Kd7 43. Nc5+ Kc6 44. Rbxd8 Bxd8 45. Rxd8 Rh4 46.
Rd6+ Kc7 47. Rg6+ Kc8 48. Rg8# 1-0

[Event "Open Sanudo"]
[Site "Venezia ITA"]
[Date "2000.02.26"]
[Round "1"]
[White "Marson, Antonio"]
[Black "Morello, Franco"]
[Result "1-0"]
[WhiteElo "1399"]
[BlackElo "1449"]
[PlyCount "71"]
[EventDate "2000.02.26"]

1. d4 Nf6 2. Nf3 d5 3. Bf4 Bf5 4. e3 e6 5. Bd3 Bxd3 6. Qxd3 Nc6 7. a3 Be7 8.
Nbd2 Nh5 9. Bg3 Nxg3 10. hxg3 g6 11. Rc1 Bf6 12. b4 a6 13. Rb1 b5 14. Nb3 Qe7
15. Qc3 Qd6 16. Qc5 O-O 17. O-O Be7 18. Qc3 Bf6 19. Nc5 e5 20. Nb7 exd4 21.
exd4 Nxd4 22. Nxd4 Qb6 23. Nc5 Rfe8 24. Qd3 a5 25. Ndb3 Red8 26. Qf3 Bg7 27.
Rbd1 axb4 28. axb4 c6 29. Rfe1 Ra2 30. Re2 Qa7 31. Rde1 Rf8 32. Re7 Qa3 33. Nd7
Kh8 34. Nxf8 Bxf8 35. Qf6+ Kg8 36. Qxf7+ 1-0

[Event "Open Sanudo"]
[Site "Venezia ITA"]
[Date "2000.02.??"]
[Round "1"]
[White "Marson, Luca"]
[Black "Pomaro, Stefano"]
[Result "0-1"]
[WhiteElo "1651"]
[BlackElo "1572"]
[PlyCount "98"]
[EventDate "2000.02.26"]

1. e4 c6 2. d4 d5 3. Nc3 dxe4 4. Nxe4 Nf6 5. Ng3 h5 6. Bc4 h4 7. N3e2 h3 8.
Nxh3 Bxh3 9. gxh3 Rxh3 10. Bf4 e6 11. Bg3 Bd6 12. Nf4 Rh8 13. Qf3 Qa5+ 14. c3
Qf5 15. Bd3 Qg4 16. Qxg4 Nxg4 17. h3 Bxf4 18. Bxf4 Nd7 19. Ke2 Ngf6 20. Rag1
Nh5 21. Bd2 O-O-O 22. a4 c5 23. Be3 cxd4 24. cxd4 Nb6 25. a5 Nd5 26. a6 Nhf4+
27. Bxf4 Nxf4+ 28. Ke3 Nxd3 29. axb7+ Kxb7 30. Kxd3 g6 31. Ke4 Rd5 32. Rd1 Rh4+
33. f4 g5 34. Rdf1 Rxf4+ 35. Rxf4 gxf4 36. Kxf4 Rxd4+ 37. Ke5 Rd5+ 38. Kf6 Rf5+
39. Ke7 Rf2 40. b3 e5 41. h4 e4 42. Rh3 Rf3 43. Rh1 e3 44. h5 e2 45. Re1 Rf2
46. h6 f5 47. Kf6 f4 48. Kf5 f3 49. Rg1 Rg2 0-1

[Event "Open Sanudo"]
[Site "Venezia ITA"]
[Date "2000.02.??"]
[Round "1"]
[White "Musiani, Carlo"]
[Black "Giordan, Daniele"]
[Result "0-1"]
[WhiteElo "1500"]
[BlackElo "1419"]
[PlyCount "108"]
[EventDate "2000.02.26"]

1. e4 Nf6 2. e5 Nd5 3. d4 d6 4. c4 Nb6 5. Nf3 Bg4 6. h3 Bh5 7. g4 Bg6 8. Nc3 e6
9. Bf4 Be7 10. Nb5 a6 11. Nc3 O-O 12. Qb3 N8d7 13. h4 dxe5 14. dxe5 Nc5 15. Qd1
Nd3+ 16. Bxd3 Bxd3 17. b3 Bb4 18. Bd2 f6 19. a3 Bc5 20. exf6 Qxf6 21. Rh3 Bd4
22. Rc1 Qe5+ 23. Ne2 Bxe2 24. Qxe2 Qxe2+ 25. Kxe2 Bb2 26. Rc2 Bxa3 27. Ng5 Rae8
28. b4 h6 29. Ne4 Bxb4 30. Bxb4 Rf4 31. f3 Nd5 32. cxd5 exd5 33. Bd2 Rf7 34.
Ke3 dxe4 35. fxe4 Rfe7 36. Rc4 b5 37. Rc6 Rxe4+ 38. Kf3 Rd4 39. Bc3 Rf8+ 40.
Ke3 Rxg4 41. Rxc7 Rf7 42. Rc6 b4 43. Bb2 Rg2 44. Ba1 Ra2 45. Bd4 Ra3+ 46. Bc3
bxc3 47. Kd4 Rf4+ 48. Ke5 Raa4 49. Rhxc3 Rxh4 50. Rc7 Rhg4 51. Rf3 Ra5+ 52. Kd6
Rg6+ 53. Kd7 Rf6 54. Rg3 Rf7+ 0-1

[Event "Open Sanudo"]
[Site "Venezia ITA"]
[Date "2000.02.27"]
[Round "2"]
[White "Ballarin, Gabriele"]
[Black "Marson, Antonio"]
[Result "1-0"]
[WhiteElo "1618"]
[BlackElo "1399"]
[PlyCount "78"]
[EventDate "2000.02.26"]

1. e4 c6 2. d4 d5 3. exd5 cxd5 4. Bd3 Nf6 5. c3 b6 6. Bf4 e6 7. Nf3 Bd6 8. Ne5
Qc7 9. Nd2 Nc6 10. Bb5 Bd7 11. Nxd7 Nxd7 12. Bxd6 Qxd6 13. Nf3 O-O 14. O-O a6
15. Bd3 Nf6 16. Re1 Ne7 17. Ne5 Ng6 18. Nxg6 hxg6 19. Re3 Rfe8 20. Qe2 b5 21.
Re1 Nh5 22. Bb1 Qc7 23. Re5 Nf6 24. Qf3 Qc6 25. Rg5 Rab8 26. Rg3 Qd6 27. Rh3
Kf8 28. Rh8+ Ke7 29. Rxe8+ Rxe8 30. h3 Kd7 31. g4 Rf8 32. Bc2 Qc7 33. g5 Nh5
34. Bxg6 Nf4 35. Bb1 Rh8 36. Re5 Nxh3+ 37. Kf1 Kc6 38. g6 Ng5 39. Rxg5 f6 1-0

[Event "Open Sanudo"]
[Site "Venezia ITA"]
[Date "2000.02.??"]
[Round "2"]
[White "Castellano, Alfonso"]
[Black "Cedriano, Filippo"]
[Result "1-0"]
[WhiteElo "1827"]
[BlackElo "1564"]
[PlyCount "55"]
[EventDate "2000.02.26"]

1. c4 g6 2. Nc3 Bg7 3. g3 c5 4. Bg2 Nc6 5. Nf3 Nf6 6. d4 cxd4 7. Nxd4 O-O 8.
O-O a6 9. Nc2 b6 10. e4 e5 11. Be3 d6 12. f3 Rb8 13. Qe2 b5 14. cxb5 axb5 15.
b4 Be6 16. Rfd1 Qd7 17. Bf1 Bc4 18. Qd2 Bxf1 19. Kxf1 Rfd8 20. Rab1 Ne7 21. Bg5
Qh3+ 22. Kg1 h6 23. Bxf6 Bxf6 24. Qe2 Qd7 25. Ne3 Qc6 26. Ncd5 Nxd5 27. Nxd5
Bg7 28. Ne7+ 1-0

[Event "Open Sanudo"]
[Site "Venezia ITA"]
[Date "2000.02.??"]
[Round "2"]
[White "Giordan, Daniele"]
[Black "Tonolo, Maurizio"]
[Result "0-1"]
[WhiteElo "1419"]
[BlackElo "1476"]
[PlyCount "78"]
[EventDate "2000.02.26"]

1. d4 f5 2. Bf4 Nf6 3. Nc3 g6 4. e3 Bg7 5. h3 d6 6. Bc4 c6 7. Nf3 d5 8. Bb3 Ne4
9. Nxe4 fxe4 10. Ne5 Nd7 11. Nxd7 Bxd7 12. O-O O-O 13. c4 e6 14. c5 b6 15. Rc1
b5 16. f3 exf3 17. Rxf3 Qe8 18. e4 dxe4 19. Rf2 Kh8 20. Qd2 e5 21. dxe5 Be6 22.
Bxe6 Qxe6 23. Qd6 Rfe8 24. Rd1 Bxe5 25. Bxe5+ Qxe5 26. Qxc6 e3 27. Qf6+ Qxf6
28. Rxf6 e2 29. Re1 Rad8 30. Kf2 Rd2 31. b4 Rxa2 32. Rf3 a5 33. bxa5 Rxa5 34.
Re3 Rxe3 35. Kxe3 b4 36. Kd4 Ra2 37. Kc4 Rb2 38. Kd3 b3 39. Rxe2 Rxe2 0-1

[Event "Open Sanudo"]
[Site "Venezia ITA"]
[Date "2000.02.??"]
[Round "2"]
[White "Morello, Franco"]
[Black "Trangoni, Bruno"]
[Result "1/2-1/2"]
[WhiteElo "1449"]
[BlackElo "1698"]
[PlyCount "32"]
[EventDate "2000.02.26"]

1. e4 e5 2. Nf3 Nc6 3. Bc4 Nf6 4. Ng5 d5 5. exd5 Nd4 6. d6 Qxd6 7. Bxf7+ Ke7 8.
Bb3 Qc6 9. O-O h6 10. Nf3 Bh3 11. Re1 Ng4 12. c3 Nxb3 13. axb3 Qg6 14. Nh4 Qf6
15. Nf3 Qg6 16. Nh4 Qf6 1/2-1/2

[Event "Open Sanudo"]
[Site "Venezia ITA"]
[Date "2000.02.??"]
[Round "2"]
[White "Musiani, Carlo"]
[Black "Litrico, Paolo"]
[Result "1-0"]
[WhiteElo "1500"]
[BlackElo "1639"]
[PlyCount "45"]
[EventDate "2000.02.26"]

1. e4 d5 2. exd5 Qxd5 3. Nc3 Qa5 4. d4 Nf6 5. Nf3 c6 6. Be2 Bg4 7. Be3 e6 8. a3
Bd6 9. b4 Qc7 10. h3 Bh5 11. Qd2 Nbd7 12. O-O Nd5 13. Nxd5 cxd5 14. Rac1 Rc8
15. c4 dxc4 16. Rxc4 Qb8 17. Rxc8+ Qxc8 18. Rc1 Qb8 19. d5 e5 20. Bxa7 Qa8 21.
Bc5 Bb8 22. Qg5 Nxc5 23. Bb5+ 1-0

[Event "Open Sanudo"]
[Site "Venezia ITA"]
[Date "2000.02.??"]
[Round "2"]
[White "Roberti, Ignazio"]
[Black "Bozzao, Francesco"]
[Result "1-0"]
[WhiteElo "1646"]
[BlackElo "1549"]
[PlyCount "103"]
[EventDate "2000.02.26"]

1. e4 c5 2. Nf3 d6 3. d4 cxd4 4. Nxd4 Nf6 5. Nc3 a6 6. Bc4 e6 7. Bb3 Nbd7 8. f3
Be7 9. Be3 Qc7 10. g4 Nc5 11. g5 Nxb3 12. axb3 Nd7 13. Qe2 Nb6 14. Qf2 Bd7 15.
Nxe6 fxe6 16. Bxb6 Qc6 17. h4 O-O 18. O-O-O Be8 19. f4 Bh5 20. Rdf1 Bg6 21. Qe3
Bh5 22. Rhg1 Rac8 23. f5 exf5 24. exf5 Rfe8 25. Qd4 Bf8 26. Rf2 Re2 27. Rxe2
Bxe2 28. Re1 Bh5 29. Kb1 Re8 30. Rxe8 Qh1+ 31. Ka2 Bxe8 32. Ne4 Qh2 33. c4 Qe5
34. Qxe5 dxe5 35. Bc7 Bc6 36. Nc3 e4 37. Bb6 Bd6 38. Be3 Kf7 39. Kb1 Bg3 40. h5
b5 41. Kc2 g6 42. fxg6+ hxg6 43. h6 Be5 44. Ne2 b4 45. Bc5 a5 46. Bb6 a4 47.
bxa4 Bxa4+ 48. b3 Bc6 49. Bc5 Bc7 50. Bxb4 Bd8 51. Bc3 Bxg5 52. h7 1-0

[Event "Open Sanudo"]
[Site "Venezia ITA"]
[Date "2000.02.??"]
[Round "2"]
[White "Tomio, Dante"]
[Black "Paris, Giorgio"]
[Result "0-1"]
[WhiteElo "1665"]
[BlackElo "1722"]
[PlyCount "94"]
[EventDate "2000.02.26"]

1. e4 e5 2. Nf3 Nf6 3. d4 exd4 4. e5 Ne4 5. Qxd4 d5 6. Nc3 Bc5 7. Bb5+ c6 8.
Qxd5 Nxc3 9. Qxd8+ Kxd8 10. Bxc6 Nxc6 11. bxc3 Be6 12. Bf4 Kc7 13. O-O Rad8 14.
Ng5 Kc8 15. Ne4 Be7 16. Nd6+ Bxd6 17. exd6 Kd7 18. Rfd1 Rc8 19. a4 b6 20. Bg3
Na5 21. Rd3 Rc6 22. Be5 f6 23. Bg3 Rhc8 24. Ra3 Nc4 25. Ra1 Ne5 26. Rd2 Rxc3
27. f4 Ng6 28. Rc1 Bf5 29. Rd4 Rxc2 30. Rxc2 Rxc2 31. h4 Nh8 32. Bf2 Rc1+ 33.
Kh2 Nf7 34. Be3 Rc3 35. Bf2 Rd3 36. Rxd3 Bxd3 37. a5 bxa5 38. Bxa7 Nxd6 39. Bc5
a4 40. Kg1 Nc4 41. Kf2 a3 42. Bd4 Kc6 43. g4 Kd5 44. Ba1 Ke4 45. g5 Nb2 46. Kg3
Be2 47. Kf2 Kd3 0-1

[Event "Open Sanudo"]
[Site "Venezia ITA"]
[Date "2000.02.??"]
[Round "3"]
[White "Bozzao, Francesco"]
[Black "Giordan, Daniele"]
[Result "1-0"]
[WhiteElo "1549"]
[BlackElo "1419"]
[PlyCount "115"]
[EventDate "2000.02.26"]

1. e4 Nf6 2. e5 Nd5 3. d4 d6 4. Nf3 g6 5. Bc4 Nb6 6. Bb3 Bg7 7. O-O dxe5 8.
Nxe5 Bxe5 9. dxe5 Qxd1 10. Rxd1 Nc6 11. Bf4 e6 12. Nc3 Bd7 13. Bg5 h6 14. Bf6
Rg8 15. Ne4 Na5 16. Bh4 g5 17. Nf6+ Ke7 18. Nxg8+ Rxg8 19. Bg3 Bc6 20. h3 h5
21. Rd4 Nxb3 22. axb3 Nd5 23. Rc4 h4 24. Bh2 Nf4 25. Bxf4 gxf4 26. Rxc6 bxc6
27. f3 Rg5 28. Rxa7 Kd7 29. Ra4 Rf5 30. Rd4+ Ke7 31. Re4 f6 32. exf6+ Rxf6 33.
Re5 Rf5 34. Rxf5 exf5 35. Kf2 Ke6 36. Ke2 Kd6 37. c3 Kd5 38. Kd2 c5 39. Kd3 c6
40. c4+ Kd6 41. Kc2 Ke6 42. Kc3 Ke5 43. b4 cxb4+ 44. Kxb4 Kd4 45. b3 Ke3 46.
Kc3 Kf2 47. Kd2 Kxg2 48. Ke2 c5 49. b4 cxb4 50. c5 b3 51. Kd2 Kxf3 52. c6 Kg2
53. c7 f3 54. c8=Q b2 55. Qxf5 f2 56. Ke2 Kg3 57. Qg5+ Kh2 58. Kxf2 1-0

[Event "Open Sanudo"]
[Site "Venezia ITA"]
[Date "2000.02.??"]
[Round "3"]
[White "Gonzales, Guillermo"]
[Black "Marson, Luca"]
[Result "0-1"]
[WhiteElo "1512"]
[BlackElo "1651"]
[PlyCount "97"]
[EventDate "2000.02.26"]

1. e4 c5 2. Nc3 Nc6 3. g3 e6 4. Bg2 Nf6 5. d3 Be7 6. f4 d5 7. e5 Nd7 8. Nh3 Nd4
9. O-O h5 10. Ne2 Nf5 11. c3 Nb6 12. Bd2 Bd7 13. Qc2 Qc7 14. Rfc1 Rc8 15. a4
Bc6 16. a5 Nd7 17. d4 Bb5 18. Qd1 b6 19. axb6 axb6 20. dxc5 bxc5 21. c4 Bxc4
22. Rxc4 dxc4 23. Ba5 Nb6 24. Qa4+ Nxa4 25. Bxc7 Rxc7 26. Rxa4 O-O 27. Bf3 g6
28. Nc3 Rb8 29. Rxc4 Rxb2 30. Nd1 Rb4 31. Rc1 c4 32. Kf1 Ra4 33. Nhf2 Ra2 34.
Nc3 Rb2 35. Nce4 Kg7 36. Kg2 Ne3+ 37. Kh3 Nf5 38. Kg2 Ne3+ 39. Kh3 Bc5 40. Nxc5
Rxc5 41. Ne4 Rd5 42. Re1 Rd3 43. Be2 Ra3 44. Bf1 Ng4 45. Kh4 Rxh2+ 46. Kg5 c3
47. Rc1 c2 48. Bd3 Rxd3 49. Nc5 0-1

[Event "Open Sanudo"]
[Site "Venezia ITA"]
[Date "2000.02.??"]
[Round "3"]
[White "Litrico, Paolo"]
[Black "Paris, Giorgio"]
[Result "0-1"]
[WhiteElo "1639"]
[BlackElo "1722"]
[PlyCount "77"]
[EventDate "2000.02.26"]

1. d4 Nf6 2. Bg5 Ne4 3. Bf4 d5 4. e3 c6 5. c3 e6 6. Bd3 Nf6 7. Nf3 Nbd7 8. Nbd2
c5 9. Bb5 a6 10. Bxd7+ Bxd7 11. Nb3 b6 12. O-O Be7 13. Be5 Rc8 14. a4 O-O 15.
Nc1 Ne4 16. Nd2 Nxd2 17. Qxd2 f6 18. Bg3 Bc6 19. Nd3 Qd7 20. Qc2 c4 21. Nf4 e5
22. Ne2 e4 23. f4 f5 24. Kf2 Rb8 25. h4 h5 26. Rh1 Rb7 27. Ng1 Qd8 28. Ke2 g6
29. Nh3 Bf6 30. Ng5 Qe7 31. Ra2 Rfb8 32. Rb1 Qd7 33. Kf1 Be7 34. Kg1 b5 35.
axb5 axb5 36. b4 cxb3 37. Rxb3 b4 38. cxb4 Ba4 39. Rab2 0-1

[Event "Open Sanudo"]
[Site "Venezia ITA"]
[Date "2000.02.??"]
[Round "3"]
[White "Maggiorino, Francesco"]
[Black "Musiani, Carlo"]
[Result "1-0"]
[WhiteElo "1441"]
[BlackElo "1500"]
[PlyCount "95"]
[EventDate "2000.02.26"]

1. e4 c5 2. Nf3 d6 3. d4 cxd4 4. Nxd4 Nf6 5. Nc3 a6 6. Bg5 Nbd7 7. Be2 e6 8.
O-O Be7 9. Qd3 Ne5 10. Qd2 b5 11. f3 h6 12. Be3 Bd7 13. Nd1 Qc7 14. Nf2 Rc8 15.
Rac1 Nc4 16. Bxc4 Qxc4 17. Qa5 O-O 18. Qa3 e5 19. b3 Qc3 20. Nd1 Qc7 21. Ne2 a5
22. c4 b4 23. Qb2 Nh7 24. f4 Bf6 25. f5 Bc6 26. Ng3 Qb7 27. Nf2 Ng5 28. Qc2 d5
29. exd5 Bxd5 30. Ng4 Be4 31. Nxf6+ gxf6 32. Qe2 Rcd8 33. Rcd1 Bc6 34. h4 Ne4
35. Nxe4 Bxe4 36. Bxh6 Kh7 37. Bxf8 Rxf8 38. Qh5+ Kg7 39. Rd2 Rh8 40. Qg4+ Kh7
41. Rd6 Rg8 42. Qh5+ Kg7 43. Rf2 Qa8 44. Rd7 Qe8 45. Rfd2 Bc6 46. Qg6+ Kf8 47.
Qh6+ Rg7 48. Rd8 1-0

[Event "Open Sanudo"]
[Site "Venezia ITA"]
[Date "2000.02.??"]
[Round "3"]
[White "Marson, Antonio"]
[Black "Castellano, Alfonso"]
[Result "0-1"]
[WhiteElo "1399"]
[BlackElo "1827"]
[PlyCount "77"]
[EventDate "2000.02.26"]

1. d4 Nf6 2. Nf3 g6 3. Bf4 Bg7 4. h3 d6 5. e3 Nbd7 6. Nbd2 b6 7. Be2 Bb7 8. O-O
O-O 9. Rb1 Re8 10. c4 e5 11. dxe5 dxe5 12. Bg5 h6 13. Bxf6 Nxf6 14. Qc2 c5 15.
b4 e4 16. Nh2 cxb4 17. Rxb4 Qe7 18. Rbb1 Rac8 19. Qb3 Nd7 20. Rfc1 Red8 21.
Nhf1 Be5 22. a4 Nc5 23. Qa2 Bb8 24. Rd1 Nd3 25. Bxd3 exd3 26. a5 Qg5 27. f3 Bc7
28. Rb5 Qe7 29. axb6 Bxb6 30. Re1 Rc5 31. Qb2 Ba6 32. Rxc5 Bxc5 33. Qa1 Bb7 34.
Qa5 Bb6 35. Qc3 Bc6 36. Qa1 a5 37. Qb2 Bc5 38. Qa1 a4 39. Qb2 0-1

[Event "Open Sanudo"]
[Site "Venezia ITA"]
[Date "2000.02.??"]
[Round "3"]
[White "Pomaro, Stefano"]
[Black "Tomio, Dante"]
[Result "0-1"]
[WhiteElo "1572"]
[BlackElo "1665"]
[PlyCount "118"]
[EventDate "2000.02.26"]

1. e4 c5 2. Nf3 d6 3. d4 cxd4 4. Nxd4 Nf6 5. Nc3 g6 6. Be3 Bg7 7. f3 O-O 8. Qd2
Nc6 9. Bc4 Bd7 10. O-O-O Rc8 11. Bb3 Ne5 12. h4 h5 13. Bg5 Nc4 14. Bxc4 Rxc4
15. Nde2 Qa5 16. Kb1 Rfc8 17. Nd5 Qxd2 18. Rxd2 Nxd5 19. exd5 e5 20. Nc3 f5 21.
Be7 Bf8 22. Bxf8 Kxf8 23. Kc1 b5 24. Kd1 b4 25. Ne2 a5 26. b3 R4c5 27. f4 e4
28. Rh3 Kf7 29. Re3 R8c7 30. Kc1 Bc8 31. Kb2 Bb7 32. c4 bxc3+ 33. Rxc3 Ba6 34.
Rxc5 Rxc5 35. Nc3 Bb7 36. a3 Ba6 37. b4 axb4 38. axb4 Rc4 39. b5 Bxb5 40. Kb3
Rc5 41. Kb4 Bd3 42. Kb3 Rc8 43. Nd1 Ke7 44. Ne3 Rc1 45. Ra2 Rc7 46. Ra8 Bb5 47.
Rg8 Be8 48. Nc4 Bf7 49. Rg7 Kf8 50. Rh7 Kg8 51. Rxf7 Kxf7 52. Nxd6+ Ke7 53. Nc4
Rb7+ 54. Kc3 Rb1 55. Ne5 Kd6 56. Nxg6 Kxd5 57. Ne7+ Ke6 58. Ng6 Rg1 59. Ne5
Rxg2 0-1

[Event "Open Sanudo"]
[Site "Venezia ITA"]
[Date "2000.02.??"]
[Round "3"]
[White "Tonolo, Maurizio"]
[Black "Roberti, Ignazio"]
[Result "0-1"]
[WhiteElo "1476"]
[BlackElo "1646"]
[PlyCount "65"]
[EventDate "2000.02.26"]

1. Nf3 d5 2. d4 Nf6 3. b3 g6 4. Bb2 Bg7 5. e3 Nbd7 6. c4 c6 7. Bd3 O-O 8. Nbd2
b6 9. O-O a5 10. Rc1 Bb7 11. Re1 Rc8 12. Rc2 c5 13. Qe2 Ne4 14. Rec1 f5 15.
cxd5 Bxd5 16. Bc4 e6 17. Bxd5 exd5 18. Ba3 Re8 19. Qb5 Nd6 20. Qd3 Ne4 21. Qb5
Bf8 22. Bb2 Bh6 23. Qd3 Ndf6 24. Qb5 Ng4 25. Nf1 f4 26. h3 Ngxf2 27. Rxf2 Nxf2
28. Kxf2 fxe3+ 29. Ke2 Qf6 30. Rd1 cxd4 31. Qxd5+ Qf7 32. Qxd4 Rc2+ 33. Ke1 0-1

[Event "Open Sanudo"]
[Site "Venezia ITA"]
[Date "2000.02.??"]
[Round "4"]
[White "Bozzao, Francesco"]
[Black "Tonolo, Maurizio"]
[Result "1/2-1/2"]
[WhiteElo "1549"]
[BlackElo "1476"]
[PlyCount "33"]
[EventDate "2000.02.26"]

1. e4 c6 2. d4 d5 3. Nc3 dxe4 4. Nxe4 Bf5 5. Ng3 Bg6 6. Nf3 h6 7. h4 Nd7 8. h5
Bh7 9. Bd3 Bxd3 10. Qxd3 e6 11. Bf4 Ngf6 12. Ne4 Nxe4 13. Qxe4 Nf6 14. Qe2 Qa5+
15. Nd2 Qf5 16. Qe5 Qxc2 17. Qc7 1/2-1/2

[Event "Open Sanudo"]
[Site "Venezia ITA"]
[Date "2000.02.??"]
[Round "4"]
[White "Giordan, Daniele"]
[Black "Litrico, Paolo"]
[Result "1/2-1/2"]
[WhiteElo "1419"]
[BlackElo "1639"]
[PlyCount "107"]
[EventDate "2000.02.26"]

1. e4 d5 2. exd5 Qxd5 3. Nc3 Qa5 4. Bc4 Nf6 5. h3 Bf5 6. d3 e6 7. Qf3 c6 8.
Nge2 Be7 9. Bd2 Qb6 10. Bb3 Nbd7 11. Bf4 Nd5 12. Nxd5 cxd5 13. O-O O-O 14. c3
Bf6 15. d4 Be4 16. Qe3 Qa6 17. Rad1 b5 18. Ng3 Bg6 19. Qe2 Rfc8 20. a3 Qc6 21.
Nh5 a5 22. Nxf6+ Nxf6 23. f3 Nd7 24. Rfe1 Nb6 25. g4 Nc4 26. h4 h5 27. gxh5
Bxh5 28. Bxc4 dxc4 29. Kf2 Qd5 30. Rg1 f6 31. Rde1 Re8 32. Rg3 b4 33. Reg1 Re7
34. Kf1 Qf5 35. Qe4 Qxe4 36. fxe4 bxc3 37. Rxc3 e5 38. dxe5 fxe5 39. Bg5 Rf7+
40. Ke1 Rb8 41. Rg2 Rc8 42. Rd2 Rcf8 43. Rh2 Rf1+ 44. Kd2 Rb8 45. Rxc4 Rxb2+
46. Rc2 Rxc2+ 47. Kxc2 Re1 48. Kd3 Bg6 49. Re2 Rxe2 50. Kxe2 Bxe4 51. Bd8 a4
52. Bc7 Kf7 53. Bxe5 Kg6 54. Bf4 1/2-1/2

[Event "Open Sanudo"]
[Site "Venezia ITA"]
[Date "2000.02.??"]
[Round "4"]
[White "Marson, Luca"]
[Black "Castellano, Alfonso"]
[Result "0-1"]
[WhiteElo "1651"]
[BlackElo "1827"]
[PlyCount "72"]
[EventDate "2000.02.26"]

1. e4 c5 2. Nf3 d6 3. d4 cxd4 4. Nxd4 Nf6 5. Nc3 a6 6. Bc4 Qc7 7. Bb3 e6 8. f4
b5 9. a3 Nc6 10. Be3 Bb7 11. Qf3 Be7 12. O-O O-O 13. Rae1 Rad8 14. Nde2 Na5 15.
Ng3 Nxb3 16. cxb3 d5 17. exd5 Nxd5 18. Nxd5 Bxd5 19. Qg4 f5 20. Qe2 Bxb3 21.
Rc1 Qb7 22. Rfe1 Rd7 23. Qf2 Bf6 24. Nh5 Bd8 25. Ng3 Rd3 26. Kh1 Ba5 27. Re2
Rd1+ 28. Rxd1 Bxd1 29. b4 Bxe2 30. Qxe2 Bb6 31. Bc1 Qd5 32. Bb2 Rd8 33. h3 Qd1+
34. Qxd1 Rxd1+ 35. Kh2 Bg1+ 36. Kh1 Bd4+ 0-1

[Event "Open Sanudo"]
[Site "Venezia ITA"]
[Date "2000.02.??"]
[Round "4"]
[White "Morello, Franco"]
[Black "Gonzales, Guillermo"]
[Result "0-1"]
[WhiteElo "1449"]
[BlackElo "1512"]
[PlyCount "106"]
[EventDate "2000.02.26"]

1. e4 e5 2. Nf3 Nc6 3. Bc4 Bc5 4. c3 Nf6 5. d4 exd4 6. cxd4 Bb4+ 7. Bd2 Bxd2+
8. Nbxd2 d5 9. exd5 Nxd5 10. O-O O-O 11. Re1 Be6 12. a3 a6 13. Qc2 h6 14. Rac1
Re8 15. Bd3 Rc8 16. Bxa6 Nxd4 17. Nxd4 bxa6 18. Nxe6 fxe6 19. Ne4 c5 20. Rcd1
Qe7 21. b3 Rc6 22. Ng3 Qg5 23. h4 Qd8 24. Qg6 Qd7 25. Rxd5 Qxd5 26. Qxe8+ Kh7
27. Kh2 Qd6 28. Rd1 Qxd1 29. Qxc6 Qxb3 30. Qxc5 Qa4 31. Qd6 Qxh4+ 32. Kg1 Qc4
33. Qe5 Qc1+ 34. Kh2 Qxa3 35. Qxe6 a5 36. Ne4 Qf8 37. Qg4 Qf7 38. Qf3 Qe6 39.
g3 a4 40. Qd3 Kh8 41. Nc5 Qa2 42. Kg2 a3 43. Qd1 Qc4 44. Nb3 a2 45. Na1 Qe4+
46. Qf3 Qb1 47. Qc3 Qe4+ 48. Qf3 Qxf3+ 49. Kxf3 Kh7 50. Ke2 h5 51. Kd2 g5 52.
Kc2 h4 53. gxh4 gxh4 0-1